Korn Albums - Statistics

General Stats
  • This quiz has been taken 632 times
  • The average score is 7 of 10
Answer Stats
Hint Answer % Correct
Features Shoots and Ladders Korn
97%
Features Freak on a Leash Follow the Leader
90%
Features Falling Away From Me Issues
87%
Features A.D.I.D.A.S. Life Is Peachy
85%
Features Alone I Break Untouchables
71%
Features Did My TIme Take a Look In The Mirror
66%
Features Coming Undone See You On The Other Side
64%
Features Evolution Untitled Album
63%
Features Get Up! The Path Of Totality
50%
Features Oildale Korn III: Remember Who You Are
43%
No matching quizzes found
Score Distribution
Percent of People with Each Score
Percentile by Number Answered
Your Score History
You have not taken this quiz